General Knowledge True False #1 - Statistics

General Stats
  • This quiz has been taken 55,343 times
  • The average score is 14 of 18
Answer Stats
Question Answer % Correct
Canada is the world's largest country by area False
92%
Parrots can live longer than dogs True
91%
Vampire bats are real True
90%
The movie "The Wizard of Oz" is based on a book True
89%
There are more trees than people on planet Earth True
86%
The word "bacteria" is plural True
83%
Chimpanzees have tails False
82%
In his younger years, William Shakespeare was a pirate False
81%
You can see Jupiter from Earth without a telescope True
80%
Lambda is a Greek letter True
77%
Tahiti is an independent country False
75%
There are polar bears living in Antarctica False
72%
Jericho is located in Egypt False
68%
Less than 1% of the world's population is Jewish True
60%
Margaret Thatcher was leader of the Labour Party in the UK False
59%
The Notre Dame cathedral in Paris has flying buttresses True
57%
The speed of light is about 300,000 kilometers per hour False
56%
Lobster is kosher False
56%
No matching quizzes found
Score Distribution
Percent of People with Each Score
Percentile by Number Answered
Your Score History
You have not taken this quiz